Prentice Hall chemistry : connections to our changing world (Record no. 33791)

MARC details
000 -LEADER
fixed length control field 00446nam a2200181Ia 4500
020 ## - INTERNATIONAL STANDARD BOOK NUMBER
ISBN 0-13-434776-5
050 ## - CALL MARK
Classification number QD 33 .P88/
245 #0 - TITLE STATEMENT
Title Prentice Hall chemistry : connections to our changing world
250 ## - EDITION / VOLUME STATEMENT
Edition / Volume statement 2nd ed.
260 ## - PUBLICATION, DISTRIBUTION, ETC. (IMPRINT)
Place of publication Upper Saddle River
260 ## - PUBLICATION, DISTRIBUTION, ETC. (IMPRINT)
Name of publisher Prentice Hall
260 ## - PUBLICATION, DISTRIBUTION, ETC. (IMPRINT)
Year of publication 2000
300 ## - PHYSICAL DESCRIPTION
Number of Pages 972 p
650 ## - SUBJECT ADDED ENTRY--TOPICAL TERM
Topical Term Science
942 ## - ADDED ENTRY ELEMENTS (KOHA)
Koha item type Books
Holdings
Withdrawn status Lost status Source of classification or shelving scheme Damaged status Not for loan Permanent Location Current Location Shelving location Date acquired Accession Number Price effective from Koha item type
    Library of Congress Classification     NILE UNIVERSITY OF NIGERIA - MAIN LIBRARY NILE UNIVERSITY OF NIGERIA - MAIN LIBRARY Items on shelf 04/23/2025 0008280 04/23/2025 Books